000 00433nam a2200157Ia 4500
008 231217s9999 xx 000 0 und d
041 _aEnglish
082 _a658.4092 TIM;1 ' R '
100 _aTimm, Paul R Peterson, Brent D
245 0 _aPeople at work: Human behavior in organizations
250 _a5th ed.
260 _c1999
_bThomson Learning
300 _axiii+400
650 _aPeople,work,Human behavior
942 _cAA
999 _c168201
_d168201